000 00353nam a22001337a 4500
041 _aENG
082 _a297.273
_bNAQ
100 _aNaqvi Ali Mohammad
245 _aPrinciples of Islamic Economics
260 _aNew Delhi
_bHumanitites Advanced Studies Institutes
_c2023
300 _a226
650 _a“Principles of Islamic Economics”
942 _cBK
999 _c23672
_d23672